000
00208 a2200097 4500
001
13729
100
_a
Robertson, T
245
_a
Walker, R N
260
_a
London
_b
Evens Brothers Ltd
_c
090
_c
10724
_d
10724
942
_a
NUST-CAE
_c
M
_c
808
999
_c
248802
_d
248802